000 00502nam a2200181Ia 4500
003 GCL
008 140319s9999 xx 000 0 eng d
020 _a1887521038
040 _aGCL /
_cGCL
082 0 4 _a495.91
_bB T
100 1 _aBECKER, BENAWAN POOMSAN
245 1 0 _aTHAI FOR ADVANCED READERS /
_cBECKER, BENAWAN POOMSAN
260 _aتايلانــد :
_bPAIBOON PUBLISHING ،
_c1997
300 _a18 CM ؛
_c211 P
650 0 4 _aTHAILAND
650 0 4 _aTHAILAND - LANGUAGES
942 _2ddc
_cBK
999 _c1876
_d1876